[Event "ODJM B 2022"]
[Site "Willingen GER"]
[Date "2022.06.07"]
[Round "4"]
[White "Türel, Tugrul"]
[Black "Hoffmann, Alexander"]
[Result "1-0"]
[Termination "normal"]
[Board "3"]
[WhiteElo "1206"]
[BlackElo "1638"]
[WhiteClock "00:36:59"]
[BlackClock "00:03:56"]
[PlyCount "73"]
[WhiteFideId "26338408"]
[BlackFideId "16240219"]
[EventCountry "GER"]
[EventRounds "9"]
[EventType "swiss"]
[EventDate "2022.06.04"]

1. e4 {[%clk 1:30:57]} e5 {[%clk 1:30:55]} 2. Nf3 {[%clk 1:31:21]} Nc6 {[%clk
1:31:20]} 3. Bc4 {[%clk 1:31:43]} Bc5 {[%clk 1:31:44]} 4. c3 {[%clk 1:32:05]}
Nf6 {[%clk 1:32:05]} 5. d4 {[%clk 1:32:23]} exd4 {[%clk 1:32:17]} 6. cxd4
{[%clk 1:32:48]} Bb4+ {[%clk 1:32:12]} 7. Nc3 {[%clk 1:29:59]} Nxe4 {[%clk
1:30:31]} 8. O-O {[%clk 1:30:18]} Bxc3 {[%clk 1:27:38]} 9. d5 {[%clk 1:30:37]}
O-O {[%clk 1:21:58]} 10. bxc3 {[%clk 1:30:17]} Ne7 {[%clk 1:16:37]} 11. Re1
{[%clk 1:29:31]} Nf6 {[%clk 1:07:28]} 12. Bg5 {[%clk 1:24:50]} Ng6 {[%clk
1:02:24]} 13. d6 {[%clk 1:24:40]} h6 {[%clk 0:52:59]} 14. Bxf6 {[%clk 1:21:13]}
Qxf6 {[%clk 0:52:32]} 15. dxc7 {[%clk 1:21:29]} Qc6 {[%clk 0:41:15]} 16. Qb3
{[%clk 1:10:37]} d6 {[%clk 0:36:34]} 17. Nd4 {[%clk 1:09:04]} Qxc7 {[%clk
0:33:10]} 18. Nb5 {[%clk 1:09:32]} Qc6 {[%clk 0:22:26]} 19. Rad1 {[%clk
1:09:00]} Ne5 {[%clk 0:18:43]} 20. Bd5 {[%clk 1:08:06]} Be6 {[%clk 0:10:42]}
21. Bxe6 {[%clk 1:07:23]} fxe6 {[%clk 0:11:04]} 22. Nxd6 {[%clk 0:44:22]} Qc5
{[%clk 0:05:53]} 23. Qxe6+ {[%clk 0:44:43]} Kh7 {[%clk 0:04:51]} 24. Qxe5
{[%clk 0:44:56]} Qxf2+ {[%clk 0:04:34]} 25. Kh1 {[%clk 0:45:24]} Qxa2 {[%clk
0:04:04]} 26. Qe2 {[%clk 0:40:43]} Qa3 {[%clk 0:03:46]} 27. c4 {[%clk 0:39:45]}
Qc5 {[%clk 0:03:02]} 28. Nxb7 {[%clk 0:38:59]} Qb6 {[%clk 0:03:05]} 29. Rd7
{[%clk 0:38:21]} Rae8 {[%clk 0:01:30]} 30. Qd3+ {[%clk 0:36:17]} Kg8 {[%clk
0:01:50]} 31. Rxe8 {[%clk 0:36:00]} Rxe8 {[%clk 0:02:18]} 32. Rd8 {[%clk
0:36:02]} Rxd8 {[%clk 0:02:39]} 33. Qxd8+ {[%clk 0:36:25]} Qxd8 {[%clk
0:03:08]} 34. Nxd8 {[%clk 0:36:44]} Kf8 {[%clk 0:03:33]} 35. Nc6 {[%clk
0:36:18]} a6 {[%clk 0:03:54]} 36. c5 {[%clk 0:36:37]} Kf7 {[%clk 0:03:56]} 37.
Na5 {[%clk 0:36:59]} 1-0

[Event "ODJM B 2022"]
[Site "Willingen GER"]
[Date "2022.06.07"]
[Round "4"]
[White "Wechtenbruch, Jamie"]
[Black "John, Niklas"]
[Result "0-1"]
[Termination "normal"]
[Board "4"]
[WhiteElo "1489"]
[BlackElo "1563"]
[WhiteClock "00:33:20"]
[BlackClock "00:33:16"]
[PlyCount "132"]
[WhiteFideId "16267737"]
[BlackFideId "16234626"]
[EventCountry "GER"]
[EventRounds "9"]
[EventType "swiss"]
[EventDate "2022.06.04"]

1. e4 {[%clk 1:30:58]} c5 2. Nf3 {[%clk 1:31:18]} d6 {[%clk 1:31:12]} 3. Bc4
{[%clk 1:29:03]} Nc6 {[%clk 1:28:16]} 4. Nc3 {[%clk 1:28:40]} Nf6 {[%clk
1:27:43]} 5. d3 {[%clk 1:23:29]} g6 {[%clk 1:25:33]} 6. Bg5 {[%clk 1:20:08]}
Bg7 {[%clk 1:25:20]} 7. Qd2 {[%clk 1:20:12]} O-O {[%clk 1:23:21]} 8. h3 {[%clk
1:19:31]} a6 {[%clk 1:17:51]} 9. a3 {[%clk 1:18:05]} b5 {[%clk 1:16:13]} 10.
Bd5 {[%clk 1:13:27]} Nxd5 {[%clk 1:12:31]} 11. Nxd5 {[%clk 1:13:19]} Bxb2
{[%clk 1:10:06]} 12. Ra2 {[%clk 0:59:16]} Bg7 {[%clk 1:08:54]} 13. c4 {[%clk
0:47:02]} bxc4 {[%clk 1:00:08]} 14. dxc4 {[%clk 0:47:20]} Be6 {[%clk 0:55:44]}
15. O-O {[%clk 0:45:40]} Bxd5 {[%clk 0:53:27]} 16. exd5 {[%clk 0:45:59]} Ne5
{[%clk 0:51:31]} 17. Qe2 {[%clk 0:42:50]} Rb8 {[%clk 0:45:57]} 18. Kh2 {[%clk
0:37:39]} Rb7 {[%clk 0:42:57]} 19. Nxe5 {[%clk 0:32:38]} Bxe5+ {[%clk 0:42:27]}
20. f4 {[%clk 0:30:34]} Bg7 {[%clk 0:40:00]} 21. f5 {[%clk 0:29:41]} Qd7 {[%clk
0:29:40]} 22. fxg6 {[%clk 0:29:08]} hxg6 {[%clk 0:28:20]} 23. Bh4 {[%clk
0:26:38]} Be5+ {[%clk 0:23:10]} 24. Bg3 {[%clk 0:24:27]} Bf6 {[%clk 0:21:24]}
25. Qd2 {[%clk 0:19:48]} Qc7 {[%clk 0:13:26]} 26. Qc2 {[%clk 0:13:33]} Rfb8
{[%clk 0:05:23]} 27. Kh1 {[%clk 0:12:47]} Kg7 {[%clk 0:04:59]} 28. Kh2 {[%clk
0:12:37]} Rb2 {[%clk 0:03:27]} 29. Rxb2 {[%clk 0:12:47]} Rxb2 {[%clk 0:03:48]}
30. Qa4 {[%clk 0:12:49]} Qb6 {[%clk 0:03:50]} 31. Rf3 {[%clk 0:12:28]} Bd4
{[%clk 0:01:45]} 32. Qe8 {[%clk 0:11:28]} Bf6 {[%clk 0:01:47]} 33. Bh4 {[%clk
0:01:55]} Be5+ {[%clk 0:02:07]} 34. Bg3 {[%clk 0:02:18]} Bf6 {[%clk 0:02:32]}
35. Bh4 {[%clk 0:02:35]} Rb3 {[%clk 0:02:12]} 36. Bxf6+ {[%clk 0:01:45]} exf6
{[%clk 0:02:30]} 37. Qe7 {[%clk 0:01:33]} Rxf3 {[%clk 0:02:40]} 38. gxf3 {[%clk
0:01:53]} Qb2+ {[%clk 0:02:27]} 39. Kg3 {[%clk 0:02:16]} Qe5+ {[%clk 0:02:35]}
40. Qxe5 {[%clk 0:02:40]} fxe5 {[%clk 0:02:35]} 41. h4 {[%clk 0:02:01]} f5
{[%clk 0:01:48]} 42. a4 {[%clk 0:01:43]} a5 {[%clk 0:01:51]} 43. Kh3 {[%clk
0:29:45]} Kh6 {[%clk 0:31:48]} 44. Kg3 {[%clk 0:28:57]} Kh5 {[%clk 0:31:45]}
45. f4 {[%clk 0:29:08]} e4 {[%clk 0:30:28]} 46. Kh3 {[%clk 0:29:00]} e3 {[%clk
0:30:28]} 47. Kg3 {[%clk 0:29:27]} e2 {[%clk 0:30:47]} 48. Kf2 {[%clk 0:29:54]}
Kxh4 {[%clk 0:30:53]} 49. Kxe2 {[%clk 0:30:20]} Kg4 {[%clk 0:31:10]} 50. Ke3
{[%clk 0:30:45]} Kg3 {[%clk 0:31:29]} 51. Ke2 {[%clk 0:30:58]} Kxf4 {[%clk
0:31:49]} 52. Kf2 {[%clk 0:31:18]} g5 {[%clk 0:32:04]} 53. Kg2 {[%clk 0:31:40]}
g4 {[%clk 0:32:17]} 54. Kf2 {[%clk 0:31:43]} Ke4 {[%clk 0:32:16]} 55. Kg3
{[%clk 0:31:20]} Ke3 {[%clk 0:32:29]} 56. Kg2 {[%clk 0:31:42]} f4 {[%clk
0:32:41]} 57. Kf1 {[%clk 0:32:04]} g3 {[%clk 0:32:37]} 58. Kg2 {[%clk 0:30:52]}
f3+ {[%clk 0:32:28]} 59. Kxg3 {[%clk 0:31:09]} f2 {[%clk 0:32:42]} 60. Kg2
{[%clk 0:31:16]} Ke2 {[%clk 0:32:38]} 61. Kh1 {[%clk 0:31:25]} f1=Q+ {[%clk
0:32:34]} 62. Kh2 {[%clk 0:31:53]} Qf2+ {[%clk 0:32:44]} 63. Kh1 {[%clk
0:32:15]} Qf4 {[%clk 0:32:40]} 64. Kg2 {[%clk 0:32:37]} Qg4+ {[%clk 0:32:58]}
65. Kh1 {[%clk 0:32:53]} Kf2 {[%clk 0:33:16]} 66. Kh2 {[%clk 0:33:20]} Qh4# 0-1

[Event "ODJM B 2022"]
[Site "Willingen GER"]
[Date "2022.06.07"]
[Round "4"]
[White "Vollbehr, Bjarne"]
[Black "Ermert, Karl Hans Ragnar"]
[Result "1-0"]
[Termination "normal"]
[Board "6"]
[WhiteElo "1634"]
[BlackElo "1662"]
[WhiteClock "00:53:22"]
[BlackClock "00:05:31"]
[PlyCount "49"]
[WhiteFideId "34606025"]
[BlackFideId "16275675"]
[EventCountry "GER"]
[EventRounds "9"]
[EventType "swiss"]
[EventDate "2022.06.04"]

1. d4 {[%clk 1:30:57]} e6 {[%clk 1:30:54]} 2. Nf3 {[%clk 1:30:56]} f5 {[%clk
1:29:53]} 3. c4 {[%clk 1:31:01]} Nf6 {[%clk 1:30:14]} 4. g3 {[%clk 1:31:19]}
Be7 {[%clk 1:30:38]} 5. Bg2 {[%clk 1:31:43]} O-O {[%clk 1:31:02]} 6. O-O {[%clk
1:31:48]} d6 {[%clk 1:31:28]} 7. Qc2 {[%clk 1:31:27]} a5 {[%clk 1:30:55]} 8.
Nbd2 {[%clk 1:31:08]} Nc6 {[%clk 1:29:40]} 9. e4 {[%clk 1:26:46]} e5 {[%clk
1:26:46]} 10. dxe5 {[%clk 1:24:38]} dxe5 {[%clk 1:27:09]} 11. b3 {[%clk
1:22:10]} Qe8 {[%clk 1:19:39]} 12. Bb2 {[%clk 1:18:40]} Qh5 {[%clk 1:10:21]}
13. h3 {[%clk 1:11:30]} fxe4 {[%clk 0:36:44]} 14. g4 {[%clk 1:06:48]} Bxg4
{[%clk 0:37:06]} 15. hxg4 {[%clk 1:06:55]} Nxg4 {[%clk 0:37:33]} 16. Qxe4
{[%clk 1:06:58]} Rad8 {[%clk 0:37:41]} 17. Rfd1 {[%clk 1:04:50]} Bc5 {[%clk
0:36:53]} 18. Kf1 {[%clk 1:01:08]} Nxf2 {[%clk 0:28:49]} 19. Qe2 {[%clk
0:54:29]} Nxd1 {[%clk 0:26:22]} 20. Rxd1 {[%clk 0:54:32]} Qh2 {[%clk 0:26:38]}
21. Ke1 {[%clk 0:53:46]} Qg3+ {[%clk 0:26:58]} 22. Kf1 {[%clk 0:54:08]} e4
{[%clk 0:27:19]} 23. Nxe4 {[%clk 0:53:31]} Rxd1+ {[%clk 0:06:23]} 24. Qxd1
{[%clk 0:53:46]} Qg6 {[%clk 0:05:31]} 25. Nxc5 {[%clk 0:53:22]} 1-0

[Event "ODJM B 2022"]
[Site "Willingen GER"]
[Date "2022.06.07"]
[Round "4"]
[White "Ruddat, Jarne"]
[Black "Werner, Florin"]
[Result "0-1"]
[Termination "normal"]
[Board "7"]
[WhiteElo "1415"]
[BlackElo "1609"]
[WhiteClock "00:46:52"]
[BlackClock "00:15:28"]
[PlyCount "110"]
[WhiteFideId "16254236"]
[BlackFideId "16250230"]
[EventCountry "GER"]
[EventRounds "9"]
[EventType "swiss"]
[EventDate "2022.06.04"]

1. e4 {[%clk 1:30:59]} e6 {[%clk 1:30:42]} 2. d4 {[%clk 1:31:26]} d5 {[%clk
1:31:06]} 3. Nc3 {[%clk 1:31:53]} Nf6 {[%clk 1:31:29]} 4. Bg5 {[%clk 1:32:19]}
Be7 {[%clk 1:31:50]} 5. e5 {[%clk 1:32:46]} Nfd7 {[%clk 1:32:14]} 6. h4 {[%clk
1:33:07]} h6 {[%clk 1:32:19]} 7. Bxe7 {[%clk 1:33:09]} Qxe7 {[%clk 1:32:43]} 8.
Qg4 {[%clk 1:32:32]} O-O {[%clk 1:33:06]} 9. f4 {[%clk 1:32:04]} f6 {[%clk
1:31:47]} 10. O-O-O {[%clk 1:30:16]} a6 {[%clk 1:28:08]} 11. Nf3 {[%clk
1:29:55]} c5 {[%clk 1:28:08]} 12. Qh3 {[%clk 1:24:24]} Nc6 {[%clk 1:27:50]} 13.
Ne2 {[%clk 1:24:11]} b5 {[%clk 1:22:34]} 14. g4 {[%clk 1:24:27]} cxd4 {[%clk
1:22:31]} 15. Nexd4 {[%clk 1:24:07]} Nxd4 {[%clk 1:22:34]} 16. exf6 {[%clk
1:16:02]} Qxf6 {[%clk 1:20:19]} 17. Nxd4 {[%clk 1:14:27]} Qxf4+ {[%clk
1:19:41]} 18. Kb1 {[%clk 1:14:51]} Nc5 {[%clk 1:17:59]} 19. Bg2 {[%clk
1:14:17]} Ne4 {[%clk 1:16:02]} 20. Bxe4 {[%clk 1:13:13]} Qxe4 {[%clk 1:13:10]}
21. h5 {[%clk 1:10:37]} Qf4 {[%clk 1:02:07]} 22. Rhf1 {[%clk 1:06:57]} Qd6
{[%clk 1:01:47]} 23. Qe3 {[%clk 1:05:13]} Bd7 {[%clk 1:01:01]} 24. Ne2 {[%clk
1:02:31]} e5 {[%clk 0:56:39]} 25. Qg3 {[%clk 0:59:41]} Qe6 {[%clk 0:49:23]} 26.
Rg1 {[%clk 0:54:57]} d4 {[%clk 0:39:49]} 27. b3 {[%clk 0:47:54]} b4 {[%clk
0:39:01]} 28. Rd3 {[%clk 0:47:43]} Bb5 {[%clk 0:38:25]} 29. Rd2 {[%clk
0:47:55]} a5 {[%clk 0:37:51]} 30. Re1 {[%clk 0:47:43]} Qd5 {[%clk 0:37:21]} 31.
g5 {[%clk 0:46:07]} Ra6 {[%clk 0:32:20]} 32. Rg1 {[%clk 0:40:24]} Rf7 {[%clk
0:21:37]} 33. Qg4 {[%clk 0:36:42]} Bd7 {[%clk 0:21:12]} 34. Qg3 {[%clk
0:37:01]} a4 {[%clk 0:18:41]} 35. Nc1 {[%clk 0:36:59]} axb3 {[%clk 0:16:01]}
36. Nxb3 {[%clk 0:37:14]} Ba4 {[%clk 0:10:12]} 37. gxh6 {[%clk 0:34:49]} Rxh6
{[%clk 0:10:07]} 38. Qg5 {[%clk 0:35:06]} Qd6 {[%clk 0:07:49]} 39. Re2 {[%clk
0:27:51]} Re6 {[%clk 0:03:47]} 40. Rh2 {[%clk 0:25:15]} Rh6 {[%clk 0:01:04]}
41. Re2 {[%clk 0:24:12]} Bxb3 {[%clk 0:00:37]} 42. axb3 {[%clk 0:24:11]} Re7
{[%clk 0:00:32]} 43. Rf2 {[%clk 0:22:48]} d3 {[%clk 0:28:10]} 44. Qf5 {[%clk
0:52:17]} dxc2+ {[%clk 0:27:27]} 45. Kxc2 {[%clk 0:50:36]} Rc7+ {[%clk
0:21:28]} 46. Kb1 {[%clk 0:50:27]} Rf6 {[%clk 0:13:21]} 47. Qxf6 {[%clk
0:45:01]} Qd3+ {[%clk 0:13:46]} 48. Kb2 {[%clk 0:45:18]} Qc3+ {[%clk 0:14:11]}
49. Kb1 {[%clk 0:45:44]} Qxb3+ {[%clk 0:14:37]} 50. Rb2 {[%clk 0:46:01]} Qd3+
{[%clk 0:15:04]} 51. Ka1 {[%clk 0:46:27]} Ra7+ {[%clk 0:15:28]} 52. Ra2 {[%clk
0:46:52]} Qc3+ 53. Kb1 Qd3+ 54. Kc1 Rc7+ 55. Kb2 Qd4+ 0-1

[Event "ODJM B 2022"]
[Site "Willingen GER"]
[Date "2022.06.07"]
[Round "4"]
[White "von Jan, Lena"]
[Black "Fellberg, Justus"]
[Result "1-0"]
[Termination "normal"]
[Board "10"]
[WhiteElo "1634"]
[BlackElo "1262"]
[WhiteClock "00:04:28"]
[BlackClock "00:10:31"]
[PlyCount "137"]
[WhiteFideId "12946060"]
[BlackFideId "34608990"]
[EventCountry "GER"]
[EventRounds "9"]
[EventType "swiss"]
[EventDate "2022.06.04"]

1. e4 {[%clk 1:30:58]} Nc6 {[%clk 1:30:58]} 2. Nf3 {[%clk 1:30:54]} e5 {[%clk
1:31:25]} 3. Bc4 {[%clk 1:31:10]} Nf6 {[%clk 1:31:47]} 4. d3 {[%clk 1:28:49]}
Bc5 {[%clk 1:31:55]} 5. O-O {[%clk 1:28:30]} d6 {[%clk 1:31:55]} 6. c3 {[%clk
1:28:07]} Bb6 {[%clk 1:30:07]} 7. h3 {[%clk 1:24:32]} a6 {[%clk 1:28:35]} 8.
Bb3 {[%clk 1:23:28]} h6 {[%clk 1:27:06]} 9. Re1 {[%clk 1:23:16]} Bd7 {[%clk
1:24:34]} 10. d4 {[%clk 1:22:07]} O-O {[%clk 1:22:14]} 11. Qd3 {[%clk 1:17:04]}
Qc8 {[%clk 1:17:37]} 12. Nbd2 {[%clk 1:11:11]} Nh5 {[%clk 1:10:23]} 13. Nc4
{[%clk 1:05:48]} Qe8 {[%clk 1:00:00]} 14. dxe5 {[%clk 0:57:35]} Nxe5 {[%clk
0:53:45]} 15. Nfxe5 {[%clk 0:56:30]} dxe5 {[%clk 0:53:15]} 16. Nxe5 {[%clk
0:52:21]} Bxh3 {[%clk 0:44:38]} 17. Ng6 {[%clk 0:46:48]} Bg4 {[%clk 0:37:31]}
18. Nxf8 {[%clk 0:44:00]} Rd8 {[%clk 0:37:31]} 19. Qc2 {[%clk 0:42:35]} Kxf8
{[%clk 0:37:26]} 20. Be3 {[%clk 0:41:11]} Bxe3 {[%clk 0:35:27]} 21. Rxe3 {[%clk
0:41:13]} Nf4 {[%clk 0:34:55]} 22. f3 {[%clk 0:38:19]} Bh5 {[%clk 0:33:46]} 23.
Rd1 {[%clk 0:36:35]} Rxd1+ {[%clk 0:29:52]} 24. Qxd1 {[%clk 0:36:59]} Qe7
{[%clk 0:30:19]} 25. g3 {[%clk 0:32:49]} Nh3+ {[%clk 0:30:09]} 26. Kh2 {[%clk
0:30:03]} Ng5 {[%clk 0:30:15]} 27. g4 {[%clk 0:25:33]} Bg6 {[%clk 0:29:12]} 28.
Rd3 {[%clk 0:24:36]} Kg8 {[%clk 0:27:26]} 29. Qe1 {[%clk 0:19:12]} b5 {[%clk
0:26:23]} 30. Qg3 {[%clk 0:17:04]} Kh7 {[%clk 0:25:24]} 31. Rd1 {[%clk
0:12:41]} c5 {[%clk 0:23:32]} 32. Kg2 {[%clk 0:12:03]} a5 {[%clk 0:21:40]} 33.
Qd6 {[%clk 0:11:40]} Qa7 {[%clk 0:20:42]} 34. Qd7 {[%clk 0:11:23]} Qb8 {[%clk
0:20:42]} 35. Rd6 {[%clk 0:08:34]} c4 {[%clk 0:19:35]} 36. Bd1 {[%clk 0:08:29]}
b4 {[%clk 0:19:38]} 37. Qd8 {[%clk 0:07:24]} Qa7 {[%clk 0:18:58]} 38. Qb6
{[%clk 0:07:18]} Qe7 {[%clk 0:18:47]} 39. cxb4 {[%clk 0:06:35]} axb4 {[%clk
0:18:00]} 40. Qxb4 {[%clk 0:05:40]} h5 {[%clk 0:17:25]} 41. Rb6 {[%clk
0:00:50]} Qd7 {[%clk 0:16:52]} 42. Qd6 {[%clk 0:30:07]} Qa7 {[%clk 0:47:08]}
43. a4 {[%clk 0:28:49]} h4 {[%clk 0:47:01]} 44. a5 {[%clk 0:28:09]} Qxa5 {[%clk
0:46:37]} 45. Rb4 {[%clk 0:20:17]} Qa2 {[%clk 0:45:01]} 46. Qd5 {[%clk
0:17:12]} Ne6 {[%clk 0:40:33]} 47. Qxc4 {[%clk 0:16:28]} Qa7 {[%clk 0:40:08]}
48. Qf1 {[%clk 0:15:23]} Qc7 {[%clk 0:37:36]} 49. Qf2 {[%clk 0:13:21]} Nf4+
{[%clk 0:37:51]} 50. Kh1 {[%clk 0:13:27]} Qe7 {[%clk 0:36:44]} 51. Ra4 {[%clk
0:13:02]} Nd3 {[%clk 0:36:23]} 52. Qd2 {[%clk 0:12:27]} Ne5 {[%clk 0:35:31]}
53. b4 {[%clk 0:12:24]} Nc4 {[%clk 0:35:39]} 54. Qd4 {[%clk 0:12:01]} Ne5
{[%clk 0:33:52]} 55. b5 {[%clk 0:11:07]} f6 {[%clk 0:29:01]} 56. b6 {[%clk
0:10:14]} Be8 {[%clk 0:28:34]} 57. Ra7 {[%clk 0:09:56]} Qe6 {[%clk 0:28:22]}
58. Rc7 {[%clk 0:08:13]} Qa2 {[%clk 0:24:17]} 59. Rc2 {[%clk 0:06:39]} Qa6
{[%clk 0:24:16]} 60. Be2 {[%clk 0:06:30]} Qb7 {[%clk 0:24:31]} 61. Rc7 {[%clk
0:06:32]} Qb8 {[%clk 0:24:29]} 62. Ba6 {[%clk 0:06:03]} Bd7 {[%clk 0:24:08]}
63. Qd6 {[%clk 0:05:12]} h3 {[%clk 0:21:32]} 64. f4 {[%clk 0:04:37]} Nf7 {[%clk
0:18:46]} 65. Qxd7 {[%clk 0:03:53]} Qxb6 {[%clk 0:18:18]} 66. Qxf7 {[%clk
0:03:32]} Qb1+ {[%clk 0:18:43]} 67. Kh2 {[%clk 0:03:53]} Qb2+ {[%clk 0:12:28]}
68. Kxh3 {[%clk 0:04:10]} Qc3+ {[%clk 0:10:31]} 69. Rxc3 {[%clk 0:04:28]} 1-0

[Event "ODJM B 2022"]
[Site "Willingen GER"]
[Date "2022.06.07"]
[Round "4"]
[White "Visvikis, Kassandra"]
[Black "Kanno, Clara Yumi"]
[Result "1-0"]
[Termination "normal"]
[Board "13"]
[WhiteElo "1626"]
[BlackElo "1182"]
[PlyCount "85"]
[WhiteFideId "36052167"]
[BlackFideId "16259661"]
[EventCountry "GER"]
[EventRounds "9"]
[EventType "swiss"]
[EventDate "2022.06.04"]

1. e4 c5 2. Nf3 d6 3. d4 cxd4 4. Nxd4 Nf6 5. Nc3 a6 6. Bg5 e6 7. Qd2 b5 8. f4
Nbd7 9. O-O-O Qc7 10. Be2 b4 11. Na4 Nxe4 12. Qe3 d5 13. f5 e5 14. Nf3 Qc6 15.
b3 f6 16. Bh4 Ndc5 17. Nd2 Bxf5 18. Bh5+ Bg6 19. Nxe4 Nxe4 20. Bf3 d4 21. Qe2
Rc8 22. Rhe1 f5 23. g4 fxg4 24. Bxe4 Bxe4 25. Qxe4 Bd6 26. Qxc6+ Rxc6 27. Rxd4
h5 28. Bg3 Rf8 29. Bxe5 Bxe5 30. Rxe5+ Kf7 31. Rxh5 Kg6 32. Rhd5 Kh7 33. Rxg4
Rf2 34. Rd2 Rf1+ 35. Kb2 g6 36. Rxb4 Kh6 37. Rb6 Rc7 38. Rg2 Rg7 39. Rxa6 Kh5
40. Nc3 Re7 41. Rgxg6 Ree1 42. Rh6+ Kg5 43. Rag6+ 1-0

[Event "ODJM B 2022"]
[Site "Willingen GER"]
[Date "2022.06.07"]
[Round "4"]
[White "Krömer, Emanuel"]
[Black "Glotz, Richard"]
[Result "0-1"]
[Termination "normal"]
[Board "14"]
[WhiteElo "1415"]
[BlackElo "1607"]
[PlyCount "80"]
[WhiteFideId "16287070"]
[BlackFideId "34601520"]
[EventCountry "GER"]
[EventRounds "9"]
[EventType "swiss"]
[EventDate "2022.06.04"]

1. d4 Nf6 2. Nf3 g6 3. Nc3 d5 4. Bf4 Bg7 5. Qd2 Ne4 6. Qe3 c6 7. Bh6 O-O 8.
Bxg7 Kxg7 9. Nxe4 dxe4 10. Qxe4 Kg8 11. O-O-O Nd7 12. h3 Nf6 13. Qf4 Qa5 14. a3
b5 15. e4 b4 16. Rd3 c5 17. Ne5 bxa3 18. bxa3 Qe1+ 19. Rd1 Qxe4 20. Qd2 Rd8 21.
Bd3 Qxd4 22. Qa5 Bb7 23. Rhe1 Bxg2 24. c3 Qf4+ 25. Kc2 Bd5 26. c4 Bb7 27. Qxc5
Nd5 28. Kb2 Rdc8 29. Qa5 Qxf2+ 30. Re2 Qb6+ 31. Qxb6 Nxb6 32. Rf1 f6 33. Nxg6
hxg6 34. Rxe7 Ba6 35. Rxf6 Bxc4 36. Be4 Rab8 37. Rxg6+ Kf8 38. Rxa7 Nd5+ 39.
Ka1 Bd3 40. Bxd3 Rc1+ 0-1

[Event "ODJM B 2022"]
[Site "Willingen GER"]
[Date "2022.06.07"]
[Round "4"]
[White "Mehner, Lorenz"]
[Black "Brunner, Alexander"]
[Result "1-0"]
[Termination "normal"]
[Board "15"]
[WhiteElo "1609"]
[BlackElo "1666"]
[PlyCount "43"]
[WhiteFideId "16293096"]
[BlackFideId "12965278"]
[EventCountry "GER"]
[EventRounds "9"]
[EventType "swiss"]
[EventDate "2022.06.04"]

1. d4 d5 2. c4 e6 3. Nc3 c6 4. e3 f5 5. g4 fxg4 6. Qxg4 Nf6 7. Qg5 Be7 8. Qxg7
Rg8 9. Qh6 Rg6 10. Qf4 Bd6 11. Qf3 Bxh2 12. Rxh2 Rxg1 13. Rh6 Nbd7 14. e4 Qe7
15. e5 Ng4 16. Rh5 c5 17. Nb5 cxd4 18. Nd6+ Kd8 19. Bg5 Rxf1+ 20. Kxf1 Nh2+ 21.
Rxh2 Qxg5 22. Nf7+ 1-0

[Event "ODJM B 2022"]
[Site "Willingen GER"]
[Date "2022.06.07"]
[Round "4"]
[White "Laux, Filip"]
[Black "Bouhadjer, Youcef"]
[Result "1-0"]
[Termination "normal"]
[Board "16"]
[WhiteElo "1395"]
[BlackElo "1630"]
[PlyCount "62"]
[WhiteFideId "16275730"]
[BlackFideId "16251539"]
[EventCountry "GER"]
[EventRounds "9"]
[EventType "swiss"]
[EventDate "2022.06.04"]

1. e4 e6 2. d3 d5 3. Nd2 c5 4. g3 d4 5. Bg2 e5 6. Ngf3 Nc6 7. O-O Nf6 8. Re1
Bg4 9. h3 Be6 10. Nf1 Be7 11. c3 h6 12. c4 O-O 13. Bd2 Nd7 14. a3 a5 15. N1h2
f5 16. Qc2 a4 17. Re2 Nf6 18. exf5 Bxf5 19. Nxe5 Nxe5 20. Rxe5 Qd7 21. g4 Bd6
22. Rxf5 Bxh2+ 23. Kxh2 Rae8 24. Re1 Rxe1 25. Bxe1 h5 26. f3 hxg4 27. fxg4 Re8
28. Bg3 b6 29. Qd2 Kh7 30. Re5 Rf8 31. Qe2 Rf7 1-0

[Event "ODJM B 2022"]
[Site "Willingen GER"]
[Date "2022.06.07"]
[Round "4"]
[White "Morio, Estelle"]
[Black "Rotärmel, Leonie"]
[Result "1/2-1/2"]
[Termination "normal"]
[Board "17"]
[WhiteElo "1823"]
[BlackElo "1486"]
[PlyCount "59"]
[WhiteFideId "12951951"]
[BlackFideId "16281390"]
[EventCountry "GER"]
[EventRounds "9"]
[EventType "swiss"]
[EventDate "2022.06.04"]

1. f4 Nf6 2. Nf3 g6 3. g3 b6 4. Bg2 Bb7 5. d3 c5 6. e4 d6 7. Nbd2 Bg7 8. Nf1
O-O 9. Ne3 Nc6 10. O-O b5 11. g4 a6 12. Qe1 Nd4 13. c3 Nxf3+ 14. Bxf3 e6 15.
Qh4 Nd7 16. Qh3 a5 17. g5 b4 18. Bd2 Ba6 19. Be2 e5 20. Nd5 Nb6 21. f5 Nxd5 22.
exd5 bxc3 23. bxc3 gxf5 24. Qxf5 Bc8 25. Qe4 f5 26. gxf6 Bxf6 27. Bh6 Bg7 28.
Qg2 Ra7 29. Rxf8+ Qxf8 30. Rf1 1/2-1/2

[Event "ODJM B 2022"]
[Site "Willingen GER"]
[Date "2022.06.07"]
[Round "4"]
[White "Frydel, Marcel"]
[Black "Schilay, Eva"]
[Result "1/2-1/2"]
[Termination "normal"]
[Board "18"]
[WhiteElo "1251"]
[BlackElo "1691"]
[PlyCount "48"]
[WhiteFideId "16245733"]
[BlackFideId "12930164"]
[EventCountry "GER"]
[EventRounds "9"]
[EventType "swiss"]
[EventDate "2022.06.04"]

1. e4 e5 2. Nf3 Nc6 3. Nc3 Nf6 4. d4 Bb4 5. Nxe5 Nxe4 6. Qg4 Nxc3 7. Qxg7 Ne4+
8. c3 Bxc3+ 9. bxc3 Qf6 10. Qxf6 Nxf6 11. Nxc6 dxc6 12. Bd3 Be6 13. f3 Rg8 14.
Kf2 O-O-O 15. Ba3 Rd7 16. Bc5 b6 17. Ba6+ Kb8 18. Rhb1 Ka8 19. Bb4 c5 20. Bxc5
bxc5 21. Bb7+ Kb8 22. Ba6+ Ka8 23. Bb7+ Kb8 24. Ba6+ Ka8 1/2-1/2

[Event "ODJM B 2022"]
[Site "Willingen GER"]
[Date "2022.06.07"]
[Round "4"]
[White "Tryfon, Konstantin"]
[Black "Meitzner, Johan Eduard"]
[Result "1/2-1/2"]
[Termination "normal"]
[Board "19"]
[WhiteElo "1634"]
[BlackElo "1396"]
[PlyCount "68"]
[WhiteFideId "16282353"]
[BlackFideId "34623612"]
[EventCountry "GER"]
[EventRounds "9"]
[EventType "swiss"]
[EventDate "2022.06.04"]

1. c4 e5 2. g3 Nc6 3. Bg2 Nge7 4. e3 g6 5. Ne2 Bg7 6. O-O h5 7. d4 Nf5 8. Re1
h4 9. d5 Na5 10. e4 Nd4 11. Nxd4 exd4 12. Qd3 c5 13. a3 b6 14. e5 Bh6 15. Bxh6
Rxh6 16. Nd2 Rb8 17. Ne4 b5 18. cxb5 c4 19. Nd6+ Kf8 20. Nxc4 Rxb5 21. Nxa5
Qxa5 22. Qxd4 Bb7 23. b4 Qd8 24. Qxa7 Bxd5 25. Bxd5 Rxd5 26. Rad1 Rxd1 27. Rxd1
h3 28. b5 Qc8 29. b6 Qc6 30. f3 Qxf3 31. Rd2 Qe3+ 32. Kf1 Qxd2 33. b7 Qd1+ 34.
Kf2 Qd2+ 1/2-1/2

[Event "ODJM B 2022"]
[Site "Willingen GER"]
[Date "2022.06.07"]
[Round "4"]
[White "Birkenheier, Nicolas"]
[Black "Uhlmann, Jonas"]
[Result "1/2-1/2"]
[Termination "normal"]
[Board "20"]
[WhiteElo "1350"]
[BlackElo "1315"]
[PlyCount "96"]
[WhiteFideId "16287100"]
[BlackFideId "16258576"]
[EventCountry "GER"]
[EventRounds "9"]
[EventType "swiss"]
[EventDate "2022.06.04"]

1. e4 e5 2. Nf3 Nc6 3. Bc4 Bc5 4. d3 Nf6 5. c3 Bb6 6. O-O d6 7. Nbd2 Bd7 8. Re1
Qe7 9. Nf1 O-O-O 10. b4 h5 11. a4 a5 12. Qb3 Be6 13. Be3 h4 14. Bxb6 cxb6 15.
Ng5 Rde8 16. Rab1 Rh5 17. Nxe6 fxe6 18. bxa5 bxa5 19. Bb5 Qc7 20. Rb2 Re7 21.
Ne3 g5 22. Nc4 d5 23. Nd2 g4 24. Bxc6 Qxc6 25. Qb5 Qxc3 26. Qb3 Rc7 27. Qxc3
Rxc3 28. exd5 Rxd3 29. Rc1+ Kb8 30. dxe6 e4 31. e7 Re5 32. Nc4 Rxe7 33. Nxa5
Red7 34. Rf1 Ka7 35. Nc4 R7d4 36. Ne5 Rc3 37. Rfb1 Rc7 38. a5 Rd5 39. Ng6 Rdc5
40. Rf1 h3 41. Nf4 hxg2 42. Kxg2 Rxa5 43. Ne6 Rc6 44. Nd8 Rb6 45. Rxb6 Kxb6 46.
Rb1+ Ka6 47. Nxb7 Rd5 48. Rb3 Ka7 1/2-1/2